000 00516nam a2200181Ia 4500
003 GCL
008 140319s9999 xx 000 0 ara d
040 _aGCL /
_cGCL
082 0 4 _a793
_bخ ف
100 1 _aخيرى شلبى
245 1 0 _aفى المسرح المصرى المعاصر /
_cخيرى شلبى
260 _a[S.N] :
_bدار المعارف ،
_c1981
300 _a154 ص
490 _aمكتبة الدراسات الادبية
_v0
650 0 4 _aمصر
650 0 4 _aالمسرح
942 _2ddc
_cBK
999 _c55337
_d55337